000
00441nam a2200145Ia 4500
008
100204s9999 xx 000 0 und d
082
_b
7946
100
_a
जाधव भास्कर
245
_a
द्र्रौपदी
260
_b
"मधुर पब्लिकेशन , पुणे 2"
_c
1985
300
_a
396
630
_a
द्र्रौपदी
730
_a
द्र्रौपदी
942
_c
BOOK
999
_c
452382
_d
452379